Dunes: dynamics, morphology, history

保存先:
書誌詳細
第一著者: Warren, Andrew (著者)
フォーマット: 図書
言語:英語
出版事項: Malden Wiley-Blackwell 2013
版:1a. ed
シリーズ:Royal Geographical Society. Advancing Geography and Geographical Learning
RGS-IBG Book Series
主題:
タグ: タグ追加
タグなし, このレコードへの初めてのタグを付けませんか!

MARC

LEADER 00000cam a2200000 a 4500
001 UCD3856
003 CL-VaPUC
008 160616e20130000us |||||||||||||||||eng|d
020 |a 9781444339697 
020 |a 9781444339680 
082 0 4 |a 551.375  |b WAR  |2 21 
100 0 |a Warren, Andrew  |e author  |9 587475 
245 1 0 |a Dunes: dynamics, morphology, history 
250 |a 1a. ed 
300 |a 219 p 
942 |c BK 
945 |d 20160616 22:39:00  |a arojas 
260 |a Malden  |b Wiley-Blackwell  |c 2013 
650 0 |a Dunas   |9 361464 
650 0 |a Geomorfología   |9 261377 
650 0 |a Medio ambiente  |9 257625 
583 |a last modification  |c 20160616 22:39:00  |k Rodrigo Vera 
490 0 |a Royal Geographical Society. Advancing Geography and Geographical Learning 
490 0 |a RGS-IBG Book Series 
999 |c 364871  |d 364869 
952 |0 0  |1 0  |3 erb  |4 0  |6 551_375000000000000_WAR_2013  |7 0  |8 A  |9 478468  |a BIBING  |b BIBING  |i 5293200  |l 1  |o 551.375 WAR 2013  |p 5293200  |r 2025-01-20  |s 2022-04-11  |w 2019-11-24  |y BK  |z Catalogado en:20160616  |k GEO